|
|
|
|
| LEADER |
00000naa2a2200000 4500 |
| 001 |
150354 |
| 005 |
20231218144210.0 |
| 035 |
|
|
|a (RuTPU)RU\TPU\book\162992
|
| 090 |
|
|
|a 150354
|
| 100 |
|
|
|a 20090110d2008 k y0rusy50 ca
|
| 101 |
0 |
|
|a rus
|
| 102 |
|
|
|a RU
|
| 200 |
1 |
|
|a Исследование неоднородности деформации [112]-монокристаллов никеля
|f Е. А. Алфёрова
|g науч. рук. Д. В. Лычагин
|
| 320 |
|
|
|a Библиогр.: 2 назв.
|
| 461 |
|
1 |
|0 (RuTPU)RU\TPU\book\156858
|t Современные техника и технологии
|o 14 Международная научно-практическая конференция студентов, аспирантов и молодых ученых, г. Томск, 24-28 марта 2008 г.
|o труды
|o в 3 т.
|f Томский политехнический университет (ТПУ)
|d 2008
|
| 463 |
|
1 |
|0 (RuTPU)RU\TPU\book\158716
|t Т. 2
|v С. 10-11
|d 2008
|p 434 с.
|
| 610 |
1 |
|
|a деформация
|
| 610 |
1 |
|
|a монокристаллы
|
| 610 |
1 |
|
|a никель
|
| 610 |
1 |
|
|a пластическая деформация
|
| 610 |
1 |
|
|a фактор Шмида
|
| 610 |
1 |
|
|a труды учёных ТПУ
|
| 700 |
|
1 |
|a Алфёрова
|b Е. А.
|c специалист в области машиностроения
|c доцент Юргинского технологического института (филиала) Томского политехнического университета, кандидат физико-математических наук
|f 1982-
|g Екатерина Александровна
|3 (RuTPU)RU\TPU\pers\26530
|9 12224
|
| 702 |
|
1 |
|a Лычагин
|b Д. В.
|4 727
|
| 801 |
|
1 |
|a RU
|b 63413507
|c 20090110
|g PSBO
|
| 801 |
|
2 |
|a RU
|b 63413507
|c 20150916
|g RCR
|
| 942 |
|
|
|c BK
|